|
|
|
|
| LEADER |
00000nam a2200000 a 4500 |
| 001 |
vtls008826675 |
| 003 |
SK-MaSNL |
| 005 |
20260224051137.0 |
| 008 |
060627 000 0 eng |
| 040 |
|
|
|a SNK
|b slo
|c SNK
|e AACR2
|
| 245 |
1 |
|
|a Articuli Diaetales Posonienses Anni M.DCCC.VIII.
|
| 260 |
|
|
|a Posonii
|b [Michaelis Landerer]
|c [s. a.]
|
| 300 |
|
|
|a 91 s.
|
| 999 |
|
|
|c 861102
|d 863032
|
| 952 |
|
|
|a SNK
|b SNK
|y VYP
|7 0
|p 17A0515421
|o snkSD 2744/1808 D2
|i snk2375/59
|3 Rekatalogizácia
|0 0
|1 0
|4 0
|d 2006-06-27
|l 0
|r 2026-02-24 05:11:37
|w 2026-02-24
|
| 952 |
|
|
|a SNK
|b SNK
|y VYP
|7 0
|p 17A0515437
|o snkSD 2744/1808 D1
|i snkKSF 3839/57
|3 Rekatalogizácia
|0 0
|1 0
|4 0
|d 2006-06-27
|l 0
|r 2026-02-24 05:11:37
|w 2026-02-24
|
| 952 |
|
|
|a SNK
|b SNK
|y VYP
|7 0
|p 17A0515489
|o snkSD 2744/1808 D3
|i snkD 856/65
|0 0
|1 0
|4 0
|d 2006-07-10
|l 0
|r 2026-02-24 05:11:37
|w 2026-02-24
|
| 952 |
|
|
|a SNK
|b SNK
|y VYP
|7 0
|p 17A0515235
|o snkSD 2744/1808 D4
|i snkD 822/65
|0 0
|1 0
|4 0
|d 2006-07-10
|l 0
|r 2026-02-24 05:11:37
|w 2026-02-24
|
| 952 |
|
|
|a SNK
|b SNK
|y VYP
|7 0
|p 17A0515441
|o snkSD 2744/1808 D5
|i snkF 3934/83
|0 0
|1 0
|4 0
|d 2006-07-10
|l 0
|r 2026-02-24 05:11:37
|w 2026-02-24
|